UBT Library

Intravenous medications : (Record no. 44077)

000 -LEADER
fixed length control field 01478cas a2200373 a 4500
001 - CONTROL NUMBER
control field 11132460
005 - DATE AND TIME OF LATEST TRANSACTION
control field 20180302082617.0
008 - FIXED-LENGTH DATA ELEMENTS--GENERAL INFORMATION
fixed length control field 990518c19739999mouar f 0 a0eng c
010 ## - LIBRARY OF CONGRESS CONTROL NUMBER
LC control number sn 95038289
Canceled/invalid LC control number 72011153
-- 76030576
-- 81004027
-- 84019015
-- 88008896
-- 90006595
-- 92114359
-- 93240922
-- 95229443
-- 96214739
-- 98167198
-- 99185174
-- 99016510
016 7# - NATIONAL BIBLIOGRAPHIC AGENCY CONTROL NUMBER
Record control number 9441336
Source DNLM
016 7# - NATIONAL BIBLIOGRAPHIC AGENCY CONTROL NUMBER
Record control number SR0082338
Source DNLM
022 0# - INTERNATIONAL STANDARD SERIAL NUMBER
International Standard Serial Number 1556-7443
Source 1
035 ## - SYSTEM CONTROL NUMBER
System control number (OCoLC)ocm30443564
037 ## - SOURCE OF ACQUISITION
Source of stock number/acquisition Elsevier Mosby, 11830 Westline Industrial Drive, St. Louuis, MO 63146
040 ## - CATALOGING SOURCE
Original cataloging agency AZN
Language of cataloging eng
Transcribing agency AZN
Modifying agency OCL
-- NLM
-- OCL
-- ZYU
-- IUL
-- DLC
-- NSD
-- OCLCQ
-- KMS
-- OCLCQ
-- IUL
-- OCLCF
-- YDXCP
-- OCLCQ
-- OCLCO
-- OCL
-- OCLCQ
-- OCLCO
-- YUM
-- OCLCO
-- OCLCA
041 ## - LANGUAGE CODE
Language code of text/sound track or separate title eng
042 ## - AUTHENTICATION CODE
Authentication code pcc
-- nsdp
060 00 - NATIONAL LIBRARY OF MEDICINE CALL NUMBER
Classification number WB 39
Item number G1332i
080 ## - UNIVERSAL DECIMAL CLASSIFICATION NUMBER
Universal Decimal Classification number 615.8
082 10 - DEWEY DECIMAL CLASSIFICATION NUMBER
Classification number 615.8 GAH
Edition number 13
100 ## - Rafti
Rafti 4
101 ## - Shkurtesa
Shkurtesa SHM
222 #0 - KEY TITLE
Key title Intravenous medications
245 00 - TITLE STATEMENT
Title Intravenous medications :
310 ## - CURRENT PUBLICATION FREQUENCY
Current publication frequency Annual,
Date of current publication frequency <1994->
362 0# - DATES OF PUBLICATION AND/OR SEQUENTIAL DESIGNATION
Dates of publication and/or sequential designation [1st ed.]-
776 08 - ADDITIONAL PHYSICAL FORM ENTRY
Display text Online version:
Title Intravenous medications (Online)
Record control number (OCoLC)77081390
906 ## - LOCAL DATA ELEMENT F, LDF (RLIN)
a 7
b cbc
c serials
d 2
e ncip
f 19
g n-oclcserc
942 ## - ADDED ENTRY ELEMENTS (KOHA)
Source of classification or shelving scheme
Item type Books
Holdings
Withdrawn status Lost status Source of classification or shelving scheme Damaged status Not for loan Collection code Permanent location Current location Shelving location Date acquired Total Checkouts Full call number Barcode Date last seen Price effective from Koha item type
          Koleksioni i përgjithshem UBT - Lipjan UBT - Lipjan Koleksioni i përgjithshem 03/02/2018   615.8 GAH 002-3000667 03/02/2018 03/02/2018 Books
UBT Library © 2015-2024. All rights reserved University Education for Business and Technology